| 000 | 00367nam a2200133Ia 4500 | ||
|---|---|---|---|
| 008 | 150202s9999 xx 000 0 und d | ||
| 020 | _a425138984 | ||
| 050 |
_aFIC _bFIC |
||
| 100 | _aMichaels, Barbara. | ||
| 245 |
_aVanish with the rose / _cBarbara Michaels. |
||
| 260 |
_aNew York : _bBerkley Books, _c1992. |
||
| 300 |
_a414 pages : _c18 cm. |
||
| 650 | _aFiction. | ||
| 999 |
_c282275 _d282275 |
||